Statistics for Kazakhstan Country Quiz

Click here to take the quiz!

General Stats

  • This quiz has been taken 205 times
    (191 since last reset)
  • The average score is 13 of 20

Answer Stats

QuestionAnswer% Correct
What is the smallest country Kazakhstan borders?Kyrgyzstan
93%
What sea does Kazakhstan border on its western border?Caspian Sea
92%
Which country was Kazakhstan part of until 1991?Soviet Union
91%
What is the name of the capital of Kazakhstan?Nur-Sultan
86%
What was the name of that city until 2019?Astana
86%
What country shares the shortest border with Kazakhstan?Turkmenistan
86%
What country does Kazakhstan almost, but not quite, border?Mongolia
83%
What is the primary export of Kazakhstan?Oil
82%
What satirical mockumentary comedy was set in Kazakhstan and
starred Sacha Baron Cohen?
Borat
76%
What is the most populous city of Kazakhstan?Almaty
75%
What is the most widely used writing system in Kazakhstan?Cyrillic
72%
Kazakhstan is the producer of 40% of what essential metal for making nuclear weapon?Uranium
66%
What inland sea between Kazakhstan and Uzbekistan was nearly
destroyed by irrigation in the 1970's?
Aral Sea
66%
What term is used for the vast grasslands of Asia, which includes much of Kazakhstan?Steppe
64%
What fruit has its origins in Kazakhstan and today gives its name to the above?Apple
50%
What type of eagle could be found on the Kazakh flag?{Golden} Eagle
50%
The Kazakh region east of what river is sometimes considered to be part of Europe?Ural River
42%
Who was the president of Kazakhstan since 1990 until his resignation in 2019?Nursultan Nazarbayev
31%
What inland lake of Kazakhstan is the 15th largest lake in the world?Lake Balkhash
25%
What is the currency of Kazakhstan?Tenge
24%

Score Distribution

Percentile by Number Answered

Percent of People with Each Score

Your Score History

You have not taken this quiz since the last reset